Piper's pool /

Saved in:
Bibliografiske detaljer
Hovedforfatter: Mackinlay, Leila, 1910-
Format: Bog
Sprog:English
Udgivet: London : Melbourne : Ward, Lock, 1946.
LEADER 00702nam a22001937a 4500
001 c000114268
003 CARM
005 19991221093812.0
008 990505s1946 enk 000 1 eng d
019 1 |a 20036829  |5 LACONCORD2021 
035 |a (OCoLC)222575073  |5 LACONCORD2021 
040 |a VCAV  |b eng  |c VCAV 
100 1 |a Mackinlay, Leila,  |d 1910- 
245 1 0 |a Piper's pool /  |c by Leila S. Mackinlay. 
260 |a London :  |a Melbourne :  |b Ward, Lock,  |c 1946. 
300 |a 224 p. 
852 8 |b CARM  |h A2:AJ33G0  |i A02495  |p 0160610  |f BK 
999 f f |i b90c2474-37d6-5b84-abaf-34935c48de7f  |s bda8f4e9-f33f-522e-b5ad-4382457677f0 
952 f f |p Can circulate  |a CAVAL  |b CAVAL  |c CAVAL  |d CARM 1 Store  |e A02495  |f A2:AJ33G0  |h Other scheme  |i book  |m 0160610